| 000 | 00524nam a22001571 4500 | ||
|---|---|---|---|
| 082 | 0 | 0 |
_a621.078 _bDOO _cL-13, P-36 |
| 100 | 1 |
_aDoolittle, Jesse Seymour, _941012 |
|
| 245 | 1 | 0 | _aMechanical engineering laboratory instrumentation and its application. |
| 260 |
_aNew York, _bMcGraw-Hill, _c1957. |
||
| 300 |
_a396 p. _billus. _c24 cm. |
||
| 526 |
_a0 _b0 _c0 _d621_078000000000000_DOO |
||
| 650 | 0 |
_aMCE _9379 |
|
| 650 | 0 |
_aMechanical engineering _xLaboratories. _941013 |
|
| 650 | 0 |
_aPhysical instruments. _939824 |
|
| 942 |
_2ddc _cBK |
||
| 999 |
_c545218 _d545218 |
||